ბათუმის შოთა რუსთაველის სახელმწიფო უნივერსიტეტის ბიბლიოთეკა

ქართული ენის ტესტი ზოგადი უნარ-ჩვევათა გამომუშავებისათვის : (ბიბ.ჩანაწერი № 54768)

000 -ლიდერი
ფიქსირებული სიგრძის საკონტროლო ველი 01428nam a2200265Ia 4500
001 - საკონტროლო ნომერი
საკონტროლო ველი 21836
003 - საკონტროლო ნომრის იდენტიფიკატორი
საკონტროლო ველი GE_BSU
005 - ბოლო ოპერაციის თარიღი და დრო
საკონტროლო ველი 20220602174642.0
008 - ფიქსირებული სიგრძის მონაცემთა ელემენტები - ზოგადი ინფორმაცია
ფიქსირებული სიგრძის საკონტროლო ველი 181216s ||||ge |||||||||||||| ||und||
040 ## - კატალოგიზაციის წყარო
Transcribing agency GE_BSU
041 ## - ენის კოდი
Language code of text/sound track or separate title geo
080 ## - უნივერსალური ათობითი კლასიფიკაციის ინდექსი
Universal Decimal Classification number 811.353.1(076.3) + 371.277.2 მ-97
100 ## - მთავარი ჩანაწერი - პიროვნების სახელი
Personal name მწყერაშვილი, ზ.
9 (RLIN) 13963
245 ## - ცნობა სათაურის შესახებ
Title ქართული ენის ტესტი ზოგადი უნარ-ჩვევათა გამომუშავებისათვის :
Remainder of title მე-4 კლასი /
Statement of responsibility, etc ზ. მწყერაშვილი, ი. კეკელიშვილი, შ. ასათიანი.
264 ## - წარმოების, გამოცემის, დისტრიბუციის და სხვა ცნობები
გამოცემის, წარმოების, დისტრიბუციის... ადგილი თბილისი :
გამოცემის, წარმოების, დისტრიბუციის... სახელწოდება [?],
გამოცემის, წარმოების, დისტრიბუციის... თარიღი 2007.
300 ## - ფიზიკური აღწერა
Extent 400 გვ. :
Other physical details ილ. ;
Dimensions 30 სმ.
500 ## - ზოგადი შენიშვნა
General note წანართი : საქართველოს სახელმწიფო
გერბი, დროშა და ჰიმნი "თავისუფლება"
653 ## - INDEX TERM--UNCONTROLLED
Uncontrolled term ქართული ენა
653 ## - INDEX TERM--UNCONTROLLED
Uncontrolled term ქართული ენის ტესტი ზოგადი უნარ-ჩვევათა გამომუშავებისათვის
653 ## - INDEX TERM--UNCONTROLLED
Uncontrolled term მე-4 კლასი
700 ## - ADDED ENTRY--PERSONAL NAME
Personal name კეკელიშვილი, ი.
Relator term ავტორი
9 (RLIN) 13964
700 ## - ADDED ENTRY--PERSONAL NAME
Personal name ასათიანი, შ.
Relator term ავტორი
9 (RLIN) 13966
942 ## - ADDED ENTRY ELEMENTS (KOHA)
Koha item type წიგნი
Source of classification or shelving scheme
ეგზემპლარები
ჩამოწერის სტატუსი დაკარგული ეგზემპლარის სტატუსი კლასიფიკაციის წყარო ან თაროზე გაწყობის სქემა დაზიანების სტატუსი არ გაიცემა მუდმივი მდებარეობა (დაცვის ადგილი) ამჟამინდელი ადგილსამყოფელი თაროზე განთავსების ადგილი შეძენის თარიღი ღირებულება, შესყიდვის ნორმალური ფასი სრული შენახვის შიფრი შტრიხკოდი ბოლო ოპერაციის თარიღი ეგზემპლარის მიმდევრობითი ნომერი (კეტერი?) ფასის ძალაში შესვლის თარიღი ეგზემპლარის სახეობა საჯარო შენიშვნა
          ბათუმის შოთა რუსთაველის სახელმწიფო უნივერსიტეტის მთავარი ბიბლიოთეკა ბათუმის შოთა რუსთაველის სახელმწიფო უნივერსიტეტის მთავარი ბიბლიოთეკა წიგნსაცავი 2018-12-17 4.00 811.353.1(076.3) + 371.277.2 მ-97 56347 2018-12-17 56347 2018-12-17 წიგნი 4.00 ₾.